[Event "Figueira da Foz op 13th"]
[Site "Figueira da Foz"]
[Date "2019.11.02"]
[Round "8"]
[White "Vera Cruz, Aguinaldo Jr"]
[Black "Dong, Rafael"]
[Result "0-1"]
[WhiteElo "1558"]
[BlackElo "1486"]
[PlyCount "101"]
[EventDate "2019.10.27"]
[EventType "swiss"]
[EventRounds "9"]
[EventCountry "POR"]
[SourceTitle "CBM 192 Extra"]
[Source "Chessbase"]
[SourceDate "2019.11.06"]
[SourceVersion "1"]
[SourceVersionDate "2019.11.06"]
[SourceQuality "1"]

1. e4 c6 2. Nf3 d5 3. e5 Bf5 4. d4 e6 5. Bd3 Ne7 6. Bg5 Bxd3 7. Qxd3 Qb6 8. b3 h6 9. Bd2 Nd7 10. 0-0 Ng6 11. h3 Be7 12. Nh2 c5 13. c3 0-0 14. f4 cxd4 15. cxd4 Rac8 16. Be3 Bb4 17. a3 Qa5 18. Nd2 Rc3 19. Qe2 Rxe3 20. Qxe3 Bxd2 21. Qg3 Bxf4 22. Rxf4 Nxf4 23. Qxf4 Rc8 24. Rf1 Rf8 25. a4 Qb4 26. Rf3 Qe1+ 27. Rf1 Qe4 28. Qxe4 dxe4 29. Re1 Rc8 30. Re3 Rc1+ 31. Kf2 Rd1 32. Rxe4 Rd3 33. Re3 Rxd4 34. Nf3 Rb4 35. Nd2 Nc5 36. Ke2 g5 37. g4 a6 38. Kd1 Rd4 39. Kc2 b5 40. axb5 axb5 41. Kc3 Rf4 42. b4 Na4+ 43. Kb3 Nb6 44. Re4 Rf2 45. Kc3 Nd5+ 46. Kc2 Rh2 47. Kd3 Rxh3+ 48. Kd4 Rc3 49. Re2 Rc8 50. Ne4 Rc4+ 51. Kd3 0-1